{"text_format":"3","workbook":"xls","n_sheets":1,"sheets":["热水"],"read":"whole","date_system":"1900","formulas":"cached_only"}

{"sheet":"热水","index":0,"n_rows":36,"n_cols":11,"rows_kept":36,"merged":[[0,0,0,9],[1,0,3,0],[1,1,3,1],[1,2,3,2],[1,3,3,3],[1,4,3,4],[1,5,3,5],[1,6,1,9],[2,6,3,6],[2,7,3,7],[2,8,3,8],[2,9,3,9],[2,10,3,10],[4,0,4,5],[11,1,11,6],[25,0,25,5],[32,0,32,5],[33,0,33,5],[34,6,34,10],[35,0,35,10]],"flags":["formulas_cached_only"]}
["四川省区域应急救援雅安基地热水系统合同清单"]
["序号","项目编码","项目名称","项目特征描述","计量\r\n单位","工程量"]
["","","","","","","不含税控制单价","不含税控制合价","不含税综合单价","不含税合价","备注"]
["","","","","","","",null,""]
["2#楼"]
[1,30109011023,"直热式热泵主机CAHP-PI-42","1.名称:直热式热泵主机CAHP-PI-42\n2.型号、规格:热泵额定制热量:42kW，热泵额定输入功率:9.13kW，热泵最大输入功率:13.7kW，COP:4.60制冷剂:R410A，防水等级:IPX5运行重量:302kg，水系统最高承压:1.1MP，a适用环境温度:-10~48℃机组外形尺寸:1020×846×1840mm。\n3.包括：成套设备供货、吊装就位、安装、减震措施、接地等，型钢支架制安、支架除锈刷油\n4.其他要求：满足相关标准图集、规范、设计及验收要求等","台",2,61383.82,122767.64,null,""]
[2,31006001024,"加热低温补偿水箱","1.设备名称：加热低温补偿水箱\r\n2.型号、规格：712×848×1712，12kw\r\n3.水箱容积:455L\r\n4.含人孔700X700mm，带锁具,内外设钢爬梯，\r\n5.减震降噪满足规范要求,含型钢基础的制作安装、除锈防腐\r\n6.其他要求：满足相关标准图集、规范、设计及验收要求等","套",1,24556.43,24556.43,null,""]
[3,31006001025,"闭式水箱","1.设备名称：闭式水箱\r\n2.型号、规格：详设计\r\n3.水箱容积:2.5m³\r\n4.减震降噪满足规范要求,含型钢基础的制作安装、除锈防腐\r\n5.其他要求：满足相关标准图集、规范、设计及验收要求等 ","套",2,16910.87,33821.74,null,""]
[4,30109011026,"热水循环泵Q=8T/h,H=15m.","1.名称:热水循环泵Q=8T/h,H=15m.\r\n2.型号、规格:Q=8T/h,H=15m；含泵、设备自带导线（含防水电缆）等所有配套附件，\r\n3.包括：成套设备供货、吊装就位、安装、减震措施、接地等，型钢支架制安、支架除锈刷油\r\n4.其他要求：满足相关标准图集、规范、设计及验收要求等","台",2,3084.44,6168.88,null,""]
[5,30109011027,"热水回水泵Q=0.6T/h,H=15m.","1.名称:热水循环泵Q=0.6T/h,H=15m.\r\n2.型号、规格:Q=0.6T/h,H=15m；含泵、设备自带导线（含防水电缆）等所有配套附件，\r\n3.包括：成套设备供货、吊装就位、安装、减震措施、接地等，型钢支架制安、支架除锈刷油\r\n4.其他要求：满足相关标准图集、规范、设计及验收要求等","台",2,1996.76,3993.52,null,""]
[6,31006011028,"银离子水处理器","1.名称：银离子水处理器\r\n2.规格参数：处理量Q=1T/h\r\n3.其他要求：满足相关标准图集、规范、设计及验收要求等","台",1,20013.79,20013.79,null,""]
[7,"3#楼"]
[8,30109011028,"直热式热泵主机CAHP-PI-42","1.名称:直热式热泵主机CAHP-PI-42\r\n2.型号、规格:热泵额定制热量:42kW，热泵额定输入功率:9.13kW，热泵最大输入功率:13.7kW，COP:4.60制冷剂:R410A，防水等级:IPX5运行重量:302kg，水系统最高承压:1.1MP，a适用环境温度:-10~48℃机组外形尺寸:1020×846×1840mm。\r\n3.包括：成套设备供货、吊装就位、安装、减震措施、接地等，型钢支架制安、支架除锈刷油\r\n4.其他要求：满足相关标准图集、规范、设计及验收要求等","台",3,61383.82,184151.46]
[9,31006001029,"加热低温补偿水箱","1.设备名称：加热低温补偿水箱\r\n2.型号、规格：712×848×1712\r\n3.水箱容积:455L\r\n4.含人孔700X700mm，带锁具,内外设钢爬梯，\r\n5.减震降噪满足规范要求,含型钢基础的制作安装、除锈防腐\r\n6.其他要求：满足相关标准图集、规范、设计及验收要求等","套",1,24592.99,24592.99]
[10,31006001030,"闭式水箱","1.设备名称：闭式水箱\r\n2.型号、规格：详设计\r\n3.水箱容积:5m³\r\n4.减震降噪满足规范要求,含型钢基础的制作安装、除锈防腐\r\n5.其他要求：满足相关标准图集、规范、设计及验收要求等 ","套",2,18832.98,37665.96]
[11,30109011031,"热水循环泵Q=12T/h,H=15m.","1.名称:热水循环泵Q=12T/h,H=15m.\r\n2.型号、规格:Q=8T/h,H=15m；含泵、设备自带导线（含防水电缆）所有配套附件，\r\n3.包括：成套设备供货、吊装就位、安装、减震措施、接地等，型钢支架制安、支架除锈刷油\r\n4.其他要求：满足相关标准图集、规范、设计及验收要求等","台",2,3084.44,6168.88]
[12,30109011032,"热水回水泵Q=1T/h,H=15m.","1.名称:热水回水泵Q=1T/h,H=15m.\r\n2.型号、规格:Q=1T/h,H=15m；含泵、设备自带导线（含防水电缆）等所有配套附件，\r\n3.包括：成套设备供货、吊装就位、安装、减震措施、接地等，型钢支架制安、支架除锈刷油\r\n4.其他要求：满足相关标准图集、规范、设计及验收要求等","台",2,1996.76,3993.52]
[13,31006011033,"银离子水处理器","1.名称：银离子水处理器\r\n2.规格参数：处理量Q=1T/h\r\n3.其他要求：满足相关标准图集、规范、设计及验收要求等","台",1,20013.79,20013.79]
[14]
[15,30109011026,"直热式热泵主机CAHP-PI-42","1.名称:直热式热泵主机CAHP-PI-42\r\n2.型号、规格:热泵额定制热量:42kW，热泵额定输入功率:9.13kW，热泵最大输入功率:13.7kW，COP:4.60制冷剂:R410A，防水等级:IPX5运行重量:302kg，水系统最高承压:1.1MP，a适用环境温度:-10~48℃机组外形尺寸:1020×846×1840mm。\r\n3.包括：成套设备供货、吊装就位、安装、减震措施、接地等，型钢支架制安、支架除锈刷油\r\n4.其他要求：满足相关标准图集、规范、设计及验收要求等","台",2,55638.29,111276.58]
[16,31006001027,"加热低温补偿水箱","1.设备名称：加热低温补偿水箱\r\n2.型号、规格：712×848×1712\r\n3.水箱容积:455L\r\n4.含人孔700X700mm，带锁具,内外设钢爬梯，\r\n5.减震降噪满足规范要求,含型钢基础的制作安装、除锈防腐\r\n6.其他要求：满足相关标准图集、规范、设计及验收要求等","套",1,22291.08,22291.08]
[17,31006001028,"闭式水箱","1.设备名称：闭式水箱\r\n2.型号、规格：详设计\r\n3.水箱容积:3m³\r\n4.减震降噪满足规范要求,含型钢基础的制作安装、除锈防腐\r\n5.其他要求：满足相关标准图集、规范、设计及验收要求等 ","套",2,15328.01,30656.02]
[18,30109011029,"热水循环泵Q=8T/h,H=15m.","1.名称:热水循环泵Q=8T/h,H=15m.\r\n2.型号、规格:Q=8T/h,H=15m；含泵、设备自带导线（含防水电缆）等所有配套附件，\r\n3.包括：成套设备供货、吊装就位、安装、减震措施、接地等，型钢支架制安、支架除锈刷油\r\n4.其他要求：满足相关标准图集、规范、设计及验收要求等","台",2,2795.74,5591.48]
[19,30109011030,"热水回水泵Q=0.6T/h,H=15m.","1.名称:热水回水泵Q=0.6T/h,H=15m.\r\n2.型号、规格:Q=0.6T/h,H=15m；含泵、设备自带导线（含防水电缆）等所有配套附件，\r\n3.包括：成套设备供货、吊装就位、安装、减震措施、接地等，型钢支架制安、支架除锈刷油\r\n4.其他要求：满足相关标准图集、规范、设计及验收要求等","台",2,1809.87,3619.74]
[20,31006011031,"银离子水处理器","1.名称：银离子水处理器\r\n2.规格参数：处理量Q=1T/h\r\n3.其他要求：满足相关标准图集、规范、设计及验收要求等","台",1,20013.79,20013.79]
["杂项"]
[21,31006011032,"电路连接费","电控柜与主机、泵之间电源、通信连接，穿管等","项",1,{"v":2400,"d":"2400.00"},{"v":2400,"d":"2400.00"}]
[22,31006011033,"辅材费","电磁阀、温控、温感探头等（不含不锈钢水管、水管件、阀件、法兰盘、保温）","项",1,{"v":12000,"d":"12000.00"},{"v":12000,"d":"12000.00"}]
[23,31006011034,"电控柜","设备控制柜","项",1,{"v":6000,"d":"6000.00"},{"v":6000,"d":"6000.00"}]
[]
[]
[]
["合　　计（不含税）","","","","","",null,701757.29]
["含税（税率为0.13）",{"$nulls":5},0.13,792985.74]
["报价单位名称（加盖公章）：",{"$nulls":3},"联系人及联系电话："]
["本项目采用双控价格招标方式，施工分包单位在报价时不得超过不含税控制单价和总价，一旦超过不含税控制单价和总价即作为废标处理，供应单位根据清单及图纸自主综合考虑报价，报价保留小数点后两位。报价包含人工费、机械费、材料费、运输费、二次转运费、上下车费、管理费、利润、税费、风险以及乙方因出售该物资应缴纳的一切税费等全部费用，综合单价在施工期内均不调整综合单价，最终以实际结算金额为准。"]